000 00570nam a2200205Ia 4500
005 20250508165656.0
008 008 250505s9999 xx 000 0 eng d
037 _aPeriodicals
040 _aFEDL
_beng
_cFEDL
041 _aeng
_2eng
084 _a530.1, EFR
_qFEDL
100 _aEfros A.L.
_9781583
245 0 _aPhysics and geometry of disorder : perolation theory
260 _aMoscow
_bMir Publishers
_c1986
300 _a259p.
365 _aINR
_b10.5
490 _aScience for everyone
942 _cCR
_h530.1, EFR
999 _c1396682
_d1396682